Nom latin botanique - Statistiques

Statistiques générales
  • Ce quiz a été pris 304 fois
  • Le résultat moyen est 51 sur 120
Statistiques - réponses
Nom français Nom latin % Correct
Petite pervenche Vinca minor
78%
Achillée millefeuille Achillea millefolium
74%
Arnica Arnica montana
72%
Laurier noble Laurus nobilis
67%
If Taxus baccata
67%
Frêne élevé Fraxinus excelsior
66%
Eglantier Rosa canina
65%
Ail Allium spp
62%
Bourrache Borago officinalis
62%
Souci Calendula officinalis
61%
Lierre grimpant Hedera helix
61%
Pin sylvestre Pinus sylvestris
61%
Gingko Gingko biloba
60%
Tussillage Tussilago farfara
60%
Pissenlits Taraxacum spp
59%
Euphorbes Euphorbia spp
58%
Houblon Humulus lupulus
56%
Coquelicot Papaver rhoeas
56%
Arum Arum maculatum
55%
Bourse à Pasteur Capsella bursa-pastoris
55%
Eucalyptus Eucalyptus globulus
55%
Fraisier Fragaria vesca
55%
Lupins Lupinus spp
54%
Laurier cerise Prunus laurocerasus
54%
Aucuba Aucuba japonica
53%
Genet à balais Cytisus scoparius
53%
Ortie dioique Urtica dioica
53%
Absinthe Artemisia absinthium
52%
Pavot de Californie Eschscholzia californica
52%
Sauge officinale Salvia officinalis
52%
Ephedra Ephedra spp
51%
Lierre terrestre Glechoma hederacea
51%
Ronces Rubus spp
51%
Thym Thymus vulgaris
51%
Armoise Artemisia vulgaris
49%
Artichaut Cynara scolymus
49%
Lavande Lavandula vera
49%
Ficaire Ranunculus ficaria
49%
Grande consoude Symphytum officinale
49%
Valeriane Valeriana officinalis
49%
Veratre Veratrum album
49%
Noyer Juglans regia
48%
Lamier blanc Lamium album
48%
Menthes Mentha spp
48%
Chiendent Elymus repens
47%
Oenanthes Oenanthes spp
47%
Myrtille Vaccinium myrtillus
47%
Digitale Digitalis purpurea
46%
Bruyere cendrée Erica cinerea
46%
Gentiane Gentiana lutea
46%
Bouleaux Betula spp
45%
Bleuet Centaurea cyanus
45%
Melilot Melilotus officinalis
45%
Mélisse Melissa officinalis
45%
Bouillon blanc Verbascum thapsus
45%
Pensée sauvage Viola tricolor
45%
Callune Calluna vulgaris
44%
Asperule odorante Galium odoratum
44%
Rosiers Rosa spp
44%
Saule Salix alba
44%
Guimauve Althaea officinalis
42%
Clematite Clematis vitalba
42%
Fumeterre Fumaria officinalis
42%
Plantains Plantago spp
42%
Violette Viola odorata
42%
Marronnier d'Inde Aesculus hippocastanum
41%
Belladone Atropa Belladona
41%
Muguet Convallaria majalis
41%
Rhubarbe officinale Rheum officinale
41%
Romarin Salvia rosmarinus
41%
Chanvre Cannabis sativa
40%
Griottier Prunus cerasus
40%
Vigne rouge Vitis vinifera
40%
Grande bardane Arctium lappa
39%
Mauve Malva sylvestris
39%
Laurier rose Nerium oleander
39%
Cassis Ribes nigrum
39%
Bryone Bryonia dioica
38%
Asperge Asparagus officinalis
36%
Chicorée Cichorium intybus
36%
Camomille romaine Chamaemelum nobile
35%
Tilleuls Tillia spp
35%
Pied de chat Antennaria dioica
34%
Bois-Joli Daphne mezereum
34%
Houx Ilex aquifolium
34%
Genevrier Juniperus communis
34%
Bugrane Ononis spinosa
34%
Petit houx Ruscus aculeatus
34%
Alchemille Alchemilla vulgaris
33%
Chelidoine Chelidonium majus
33%
Helleborde fétide Helleborus foetidus
33%
Origan Origanum vulgare
33%
Anémone pulsatille Pulsatilla vulgaris
33%
Prele des champs Equisetum arvense
32%
Sceau de salomon Polygonatum spp
32%
Datura Datura stramonium
29%
Menyanthe Menyanthes trifoliata
29%
Busserole Arctostaphylos uva-ursi
28%
Millepertuis Hypericum perforatum
28%
Pavot Papaver somniferum
28%
Bistorte Polygonum bistorta
28%
Rhubarbe des jardins Rheum rhabarbarum
28%
Rue fétide Ruta graveolens
28%
Cigues Conium maculatum
27%
Aubepine Crataegus laevigata
27%
Piloselle Hieracium pilosella
27%
Matricaire Matricaria recutita
27%
Serpolet Thymus serpyllum
27%
Morelle douce amere Solanum dulcamara
26%
Hammamelis Hammamelis virginiana
25%
Gui Viscum album
25%
Laurier tin Viburnum tinus
24%
Podophylle Podophyllum peltatum
19%
Colchique Colchicum autumnale
18%
Troene Ligustrum vulgare
16%
Genet d'Espagne Spartium junceum
15%
Aconits Aconitum napellus
14%
Jusquiame Hyoscyamus niger
14%
Symphorine Symphoricarpos albus
14%
Cytise Laburnum anagyroides
9%
Aucun quiz correspondant
Distribution des résultats
% des personnes avec chaque résultat
Percentile par nombre de réponses
Votre historique - résultats
Vous n’avez pas pris ce quiz